Statistics for Orders Of Magnitude Past Trillion

Click here to take the quiz!

General Stats

  • This quiz has been taken 19 times
  • The average score is 13 of 97

Answer Stats

Answer% Correct
Decillion
100%
Nonillion
100%
Octillion
100%
Quintillion
100%
Septillion
100%
Sextillion
100%
Duodecillion
91%
Quadrillion
91%
Undecillion
91%
Quindecillion
64%
Tredecillion
64%
Octodecillion
45%
Sexdecillion
45%
Centillion
36%
Vigintillion
36%
Duovigintillion
27%
Novemdecillion
27%
Quattuordecillion
27%
Unvigintillion
27%
Quinvigintillion
18%
Septendecillion
18%
Sexvigintillion
18%
Octovigintillion
9%
Quattuorvigintillion
9%
Duononagintillion
0%
Duooctogintillion
0%
Duoquadragintillion
0%
Duoquinquagintillion
0%
Duoseptuagintillion
0%
Duosexagintillion
0%
Duotrigintillion
0%
Nonagintillion
0%
Novemnonagintillion
0%
Novemoctogintillion
0%
Novemquadragintillion
0%
Novemquinquagintillion
0%
Novemseptuagintillion
0%
Novemsexagintillion
0%
Novemtrigintillion
0%
Novemvigintillion
0%
Octogintillion
0%
Octononagintillion
0%
Octooctogintillion
0%
Octoquadragintillion
0%
Octoquinquagintillion
0%
Octoseptuagintillion
0%
Octosexagintillion
0%
Octotrigintillion
0%
Quadragintillion
0%
Quattuornonagintillion
0%
Quattuoroctogintillion
0%
Quattuorquadragintillion
0%
Quattuorquinquagintillion
0%
Quattuorseptuagintillion
0%
Quattuorsexagintillion
0%
Quattuortrigintillion
0%
Quinnonagintillion
0%
Quinoctogintillion
0%
Quinquadragintillion
0%
Quinquagintillion
0%
Quinquinquagintillion
0%
Quinseptuagintillion
0%
Quinsexagintillion
0%
Quintrigintillion
0%
Septennonagintillion
0%
Septenoctogintillion
0%
Septenquadragintillion
0%
Septenquinquagintillion
0%
Septensexagintillion
0%
Septentrigintillion
0%
Septenvigintillion
0%
Septseptuagintillion
0%
Septuagintillion
0%
Sexagintillion
0%
Sexnonagintillion
0%
Sexoctogintillion
0%
Sexquadragintillion
0%
Sexquinquagintillion
0%
Sexseptuagintillion
0%
Sexsexagintillion
0%
Sextrigintillion
0%
Trenonagintillion
0%
Treoctogintillion
0%
Trequadragintillion
0%
Trequinquagintillion
0%
Treseptuagintillion
0%
Tresexagintillion
0%
Tresvigintillion
0%
Tretrigintillion
0%
Trigintillion
0%
Unnonagintillion
0%
Unoctogintillion
0%
Unquadragintillion
0%
Unquinquagintillion
0%
Unseptuagintillion
0%
Unsexagintillion
0%
Untrigintillion
0%

Score Distribution

Percentile by Number Answered

Percent of People with Each Score

Your Score History

You have not taken this quiz